Electrónica básica
Gorde:
| Egile Nagusiak: | , |
|---|---|
| Formatua: | Liburua |
| Hizkuntza: | gaztelania |
| Argitaratua: |
Ciudad de México
Diana
1972
|
| Saila: | Manuales Delmar de Electricidad y Electrónica
|
| Gaiak: | |
| Etiketak: |
Etiketa erantsi
Etiketarik gabe, Izan zaitez lehena erregistro honi etiketa jartzen!
|
MARC
| LEADER | 00000nam a2200000 a 4500 | ||
|---|---|---|---|
| 001 | UCU6064 | ||
| 003 | CL-VaPUC | ||
| 008 | 960614e19720000MX |||||||||||||||||spa|d | ||
| 082 | 0 | 4 | |a 621.381 |b JOH |2 21 |
| 100 | 0 | |a Johannsen, Lawrence A |e author |9 364180 | |
| 700 | 0 | |a Journigan, Russell P |e author |9 364181 | |
| 245 | 1 | 0 | |a Electrónica básica |
| 300 | |a 303 p | ||
| 942 | |c BK | ||
| 945 | |d 19960614 00:00:00 |a lriquelm | ||
| 260 | |a Ciudad de México |b Diana |c 1972 | ||
| 650 | 0 | |a Electrónica |9 263192 | |
| 650 | 7 | |a TUBOS ELECTRONICOS |2 CL-VaPUC |9 364182 | |
| 650 | 7 | |a CORRIENTES CONTINUAS |2 CL-VaPUC |9 324433 | |
| 650 | 0 | |a Amplificadores |9 338119 | |
| 650 | 0 | |a Transistores |9 260330 | |
| 650 | 7 | |a DISPOSITIVOS SEMICONDUCTORES |2 CL-VaPUC |9 361201 | |
| 650 | 0 | |a Transistores |9 260330 | |
| 583 | |a last modification |c 19960614 00:00:00 |k Rodrigo Vera | ||
| 490 | 0 | |a Manuales Delmar de Electricidad y Electrónica | |
| 999 | |c 249131 |d 249129 | ||
| 952 | |0 0 |1 0 |4 0 |6 621_381000000000000_JOH_1972 |7 0 |8 A |9 266186 |a BIBING |b BIBING |d 2019-11-19 |i 1680722 |o 621.381 JOH 1972 |p 1680722 |r 2025-01-20 |w 2019-11-19 |y BK |k EIQ | ||
| 952 | |0 0 |1 0 |4 0 |6 621_381000000000000_JOH_1972 |7 0 |8 A |9 266187 |a BIBING |b BIBING |d 2019-11-19 |i 1692798 |o 621.381 JOH 1972 |p 1692798 |r 2025-01-20 |w 2019-11-19 |y BK |k EIQ | ||